| 000 | 00512cam a22001457a 4500 | ||
|---|---|---|---|
| 008 | 180718b1960 xxu||||| |||| 00| 0 eng d | ||
| 082 | _aT19x5442 D63 | ||
| 100 | _aDiskalkar, P.D. | ||
| 245 |
_aResurvey of a Deccan village-Pimple Saudagar _cby P.D. Diskalkar |
||
| 260 |
_aBombay _bIndian Soc. of Agri. Econ. _c1960 |
||
| 300 | _a162p. | ||
| 500 | _aRs.7.00; First survey Harold H. Mann's Land and labour in a Decann village, pub.1917 | ||
| 650 | _aDeccan (India) - Econ. Conditions | ||
| 650 | _aPimple Saudagar | ||
| 999 |
_c364085 _d364085 |
||